Geography Quiz

Random Geography or City Quiz

Worst Traffic Cities 2009 (US) Quiz Stats

 Plays Quiz Updated Jul 6, 2018

Also try: 'S' World Metros
Challenge
Share
Tweet
Embed
Score 0/20 Timer 06:00
0 Plays Today
Rank City % Correct
14New York-Newark-NY-NJ-CT
99.1%
1Los Angeles-Long Beach-Santa Ana, CA
96.9%
11Miami, FL
83.7%
6Dallas-Fort Worth-Arlington, TX
83.2%
5San Francisco-Oakland, CA
82.8%
19Boston-MA-NH-RI
82.3%
4Houston, TX
79.4%
2Washington, DC
77.1%
3Atlanta, GA
73.9%
19Seattle, WA
73.7%
Rank City % Correct
9San Diego, CA
72.1%
9Detroit, MI
67.6%
14Phoenix, AZ
60%
13Denver-Aurora CO
58.4%
6Orlando, FL
56%
14Las Vegas, NV
55.8%
14Baltimore, MD
52%
11Tampa-St. Petersburg, FL
45%
6San Jose, CA
32%
14Riverside-San Bernardino, CA
8.4%

You're not logged in!

Compare scores with friends on all Sporcle quizzes.
OR
Log In

You Might Also Like...

Show Comments

Extras

Top Quizzes Today


Score Distribution

Your Account Isn't Verified!

In order to create a playlist on Sporcle, you need to verify the email address you used during registration. Go to your Sporcle Settings to finish the process.

Report this User

Report this user for behavior that violates our Community Guidelines.

Details: